Is the answer 2? - sudden death - Statistics

General Stats
  • This quiz has been taken 22 times
  • The average score is 5 of 24
Answers on the Grid
Answers color-coded by a green-red scale on the quiz's grid according to % correct below.
Seas on the coast of Turkey
Items the Statue of Liberty is holding
Populated islands of New Zealand
Official languages of Canada
World war number that Portugal fought in
Wings on a moth
Base of the binary system
Neutrons in a standard helium atom
Nostrils on a human
Headlights on a car
Cities in Charles Dickens' Tale
Countries bordering Indonesia
Hourly US minimum wage in 1960, in dollars
Moons of Mars
Special administrative regions of China
Indonesian megacities
Famous assassinated Gandhis
A brace
Toes on a two-toed sloth
Asian Summer Olympic host nations
Top 10 lakes by area which touch the D.R. Congo
Continental Commonwealth countries in the Americas
Eyes on a queen of spades card
Seven Wonders sites in Greece
Lungs in birds
Johns in the New Testament
Maximum number of heads on a cow
The only even prime number
Husbands of Marilyn Monroe
Ovaries in a woman
Legs on a binturong
Non-English FA Cup finalists
Pickups in a standard Fender Telecaster
Area of Monaco in square km
South American World Cup winners
Africa's land area divided by Canada's
American battleships sunk at Pearl Harbor
English league champions from London
Pawns which a bishop is worth in chess
Scottish bank holidays which England doesn't get
1.732 squared (approximately)
Ports which are busier than Ningbo's
Time zones in Indonesia
Children of Prince William
Names of Bible books containing "Peter"
UEFA European Championships won by Italy
Eyes on an olm
Cones whose volume would equal that of a cylinder of the same height and width
 
Answer Stats
Answer % Correct
Nostrils on a human
57%
Tablet and torch Items the Statue of Liberty is holding
50%
Ovaries in a woman
50%
The only even prime number
50%
Using powers of 2 (1, 2, 4, 8, etc) Base of the binary system
43%
A Tale of Two Cities Cities in Charles Dickens' Tale
36%
Headlights on a car
36%
Official languages of Canada
36%
Seas on the coast of Turkey
36%
Moons of Mars
29%
Lungs in birds
14%
Rare variants also exist Neutrons in a standard helium atom
14%
2.9998 1.732 squared (approximately)
7%
A brace
7%
Area of Monaco in square km
7%
Cardiff City, Queens Park Non-English FA Cup finalists
7%
Pickups in a standard Fender Telecaster
7%
Hong Kong and Macau Special administrative regions of China
7%
Rarely, they can be born with 2 Maximum number of heads on a cow
0%
Names of Bible books containing "Peter"
0%
Ningbo-Zhoushan Ports which are busier than Ningbo's
0%
2 (January the 2nd and St Andrew's Day, November the 30th) Scottish bank holidays which England doesn't get
0%
Colossus and Statue of Zeus Seven Wonders sites in Greece
0%
UEFA European Championships won by Italy
0%
No matching quizzes found
Score Distribution
Percent of People with Each Score
Percentile by Number Answered
Your Score History
You have not taken this quiz